[Event "BL2-West 9596"]
[Site "Germany"]
[Date "1996.??.??"]
[Round "?.4"]
[White "Jackelen, Thomas"]
[Black "Stoering, Volker"]
[Result "1/2-1/2"]
[WhiteElo "2405"]
[BlackElo "2340"]
[PlyCount "95"]
[EventDate "1995.10.??"]
[EventType "team-tourn"]
[EventRounds "9"]
[EventCountry "GER"]
[SourceTitle "GER-chT2"]
[Source "ChessBase"]
[SourceDate "1999.07.01"]
[SourceVersion "1"]
[SourceVersionDate "1999.07.01"]
[SourceQuality "1"]
[WhiteTeam "Godesberg"]
[BlackTeam "Muenster"]
[WhiteTeamCountry "GER"]
[BlackTeamCountry "GER"]

1. c4 e6 2. g3 Nf6 3. Bg2 d5 4. Nf3 Be7 5. 0-0 0-0 6. d4 Na6 7. Nc3 c5 8. cxd5 exd5 9. Bg5 Be6 10. dxc5 Nxc5 11. Nd4 Qb6 12. Qc2 Rfe8 13. Rad1 Rad8 14. a3 Nce4 15. Nxe4 dxe4 16. Nxe6 Qxe6 17. Rxd8 Bxd8 18. Rd1 Bb6 19. e3 Ng4 20. Bf4 Qf5 21. Qa4 Nf6 22. h3 h5 23. h4 Re6 24. Qc4 Rc6 25. Qa4 Re6 26. Bf1 Qg4 27. Bc4 Rc6 28. Bb5 Rc5 29. Bf1 Rc6 30. Bg2 Qf5 31. Qb3 Re6 32. Rc1 Nd5 33. Bg5 f6 34. Rd1 Ne7 35. Bf4 Kh7 36. Kh2 g5 37. Bh3 g4 38. Bf1 Kg7 39. Rd7 Kf8 40. Rxb7 Qd5 41. Rb8+ Kg7 42. Qa4 Ng6 43. Re8 Nxf4 44. gxf4 Qd2 45. Bg2 Rxe8 46. Qxe8 Qxf2 47. Qe7+ Kg8 48. Qe8+ 1/2-1/2

[Event "BL2-West 9495"]
[Site "Germany"]
[Date "1995.??.??"]
[Round "6.2"]
[White "Stoering, Volker"]
[Black "Kohlweyer, Bernd"]
[Result "0-1"]
[WhiteElo "2320"]
[BlackElo "2435"]
[PlyCount "84"]
[EventDate "1994.10.??"]
[EventType "team-tourn"]
[EventRounds "9"]
[EventCountry "GER"]
[SourceTitle "GER-chT2"]
[Source "ChessBase"]
[SourceDate "1999.07.01"]
[SourceVersion "1"]
[SourceVersionDate "1999.07.01"]
[SourceQuality "1"]
[WhiteTeam "Muenster"]
[BlackTeam "St Ingbert"]
[WhiteTeamCountry "GER"]
[BlackTeamCountry "GER"]

1. d4 Nf6 2. c4 e6 3. Nf3 b6 4. a3 Bb7 5. Nc3 d5 6. Bg5 Be7 7. Qa4+ c6 8. Bxf6 Bxf6 9. cxd5 exd5 10. g3 0-0 11. Bg2 Re8 12. 0-0 Nd7 13. Rfd1 a5 14. e3 Be7 15. Ne1 Nf6 16. Nd3 Bd6 17. Qb3 Ba6 18. Rac1 h5 19. Nb1 a4 20. Qc2 Bc4 21. Nd2 b5 22. Qc3 Qc7 23. e4 Nxe4 24. Bxe4 dxe4 25. Nxc4 bxc4 26. Ne1 h4 27. Ng2 hxg3 28. hxg3 Rab8 29. Qxc4 e3 30. fxe3 Rxb2 31. Qxc6 Qe7 32. Rc2 Rxc2 33. Qxc2 Bxg3 34. Qxa4 Qe4 35. Qd7 Rf8 36. Rf1 Qh7 37. Rf2 Qh2+ 38. Kf1 Bxf2 39. Kxf2 Rb8 40. Qg4 Rb2+ 41. Kf3 g6 42. d5 Qh1 0-1

[Event "Muenster op"]
[Site "Muenster"]
[Date "1994.??.??"]
[Round "6"]
[White "Movsziszian, Karen"]
[Black "Stoering, Volker"]
[Result "1-0"]
[WhiteElo "2525"]
[BlackElo "2320"]
[PlyCount "79"]
[EventDate "1994.09.??"]
[EventType "swiss"]
[EventRounds "9"]
[EventCountry "GER"]
[SourceTitle "EXT 1998"]
[Source "ChessBase"]
[SourceDate "1997.11.17"]
[SourceVersion "1"]
[SourceVersionDate "1997.11.17"]
[SourceQuality "1"]

1. Nf3 Nf6 2. g3 b6 3. Bg2 Bb7 4. d3 d5 5. 0-0 e6 6. Nbd2 Nbd7 7. e3 Bd6 8. Qe2 Nc5 9. b3 0-0 10. Bb2 a5 11. a3 Qe7 12. Nd4 Qe8 13. e4 dxe4 14. dxe4 Ba6 15. c4 e5 16. Nf5 b5 17. Bc3 bxc4 18. bxc4 Qa4 19. Ne3 Rab8 20. f4 Rfe8 21. f5 Nb3 22. Rab1 Bc5 23. Kh1 Bd4 24. Nxb3 Rxb3 25. Qd1 Rxa3 26. Bxd4 Qxd1 27. Rfxd1 exd4 28. Nd5 Nxd5 29. cxd5 Bd3 30. Rbc1 h5 31. Rxc7 Be2 32. Rb1 d3 33. d6 d2 34. d7 Rf8 35. Bf1 Rb3 36. Rc8 Rxb1 37. Rxf8+ Kh7 38. d8Q Rxf1+ 39. Kg2 Bf3+ 40. Kh3 1-0

[Event "BL2-West 9394"]
[Site "Germany"]
[Date "1994.??.??"]
[Round "?.4"]
[White "Stoering, Volker"]
[Black "Gawehns, Klaus"]
[Result "0-1"]
[WhiteElo "2340"]
[BlackElo "2345"]
[PlyCount "118"]
[EventDate "1993.10.??"]
[EventType "team-tourn"]
[EventRounds "9"]
[EventCountry "GER"]
[SourceTitle "GER-chT2"]
[Source "ChessBase"]
[SourceDate "1999.07.01"]
[SourceVersion "1"]
[SourceVersionDate "1999.07.01"]
[SourceQuality "1"]
[WhiteTeam "Muenster"]
[BlackTeam "Godesberg"]
[WhiteTeamCountry "GER"]
[BlackTeamCountry "GER"]

1. d4 d5 2. c4 c6 3. Nf3 Nf6 4. Nc3 dxc4 5. a4 Bf5 6. e3 e6 7. Bxc4 Bb4 8. 0-0 0-0 9. Nh4 Bg4 10. f3 Bh5 11. g4 Bg6 12. Ng2 Qe7 13. e4 Rd8 14. Be3 e5 15. d5 Nbd7 16. dxc6 bxc6 17. Qe2 Bc5 18. Rac1 Nf8 19. Kh1 Ne8 20. Bxc5 Qxc5 21. f4 exf4 22. Nxf4 Nd6 23. Ba2 Qe5 24. Qf3 Rd7 25. Rc2 Re8 26. Nxg6 Nxg6 27. Rcf2 Qe7 28. Qg2 Ne5 29. Rf4 h6 30. Nd1 Qg5 31. Bb1 Ng6 32. R4f2 Nh4 33. Qg3 Nxe4 34. Bxe4 Rxe4 35. Qb8+ Kh7 36. Qc8 Qxg4 37. Nc3 Ree7 38. Qxc6 Rc7 39. Qd5 Rcd7 40. Qc6 f5 41. a5 Qd4 42. Ne2 Qxf2 43. Rxf2 Rxe2 44. Kg1 Rd1+ 45. Rf1 Rdd2 46. Qc7 Rxb2 47. Qf4 Re4 48. Qc7 Rg4+ 49. Kh1 Nf3 50. h3 Ra4 51. Qg3 Rh2+ 52. Qxh2 Nxh2 53. Rxf5 Ra2 54. Rf4 g5 55. Rf7+ Kg6 56. Rf8 a6 57. h4 g4 58. h5+ Kxh5 59. Rf2 Rxf2 0-1

[Event "BL2-West 9394"]
[Site "Germany"]
[Date "1993.??.??"]
[Round "?.4"]
[White "Balzar, Andreas"]
[Black "Stoering, Volker"]
[Result "0-1"]
[WhiteElo "2330"]
[BlackElo "2340"]
[PlyCount "38"]
[EventDate "1993.10.??"]
[EventType "team-tourn"]
[EventRounds "9"]
[EventCountry "GER"]
[SourceTitle "GER-chT2"]
[Source "ChessBase"]
[SourceDate "1999.07.01"]
[SourceVersion "1"]
[SourceVersionDate "1999.07.01"]
[SourceQuality "1"]
[WhiteTeam "Giessen"]
[BlackTeam "Muenster"]
[WhiteTeamCountry "GER"]
[BlackTeamCountry "GER"]

1. e4 c5 2. Nf3 e6 3. d4 cxd4 4. Nxd4 Nc6 5. Nc3 Qc7 6. Nxc6 bxc6 7. Bd3 Nf6 8. 0-0 Bc5 9. Qe2 e5 10. Bg5 Be7 11. f4 0-0 12. fxe5 Qxe5 13. Rf5 Qe6 14. e5 Nd5 15. Nxd5 cxd5 16. Raf1 d6 17. c4 dxc4 18. exd6 Bxg5 19. Bxc4 Qxe2 0-1

[Event "BL2-West 9293"]
[Site "Germany"]
[Date "1993.??.??"]
[Round "?.3"]
[White "Gawehns, Klaus"]
[Black "Stoering, Volker"]
[Result "1-0"]
[WhiteElo "2340"]
[BlackElo "2315"]
[PlyCount "67"]
[EventDate "1992.10.??"]
[EventType "team-tourn"]
[EventRounds "9"]
[EventCountry "GER"]
[SourceTitle "GER-chT2"]
[Source "ChessBase"]
[SourceDate "1999.07.01"]
[SourceVersion "1"]
[SourceVersionDate "1999.07.01"]
[SourceQuality "1"]
[WhiteTeam "Godesberg"]
[BlackTeam "Muenster"]
[WhiteTeamCountry "GER"]
[BlackTeamCountry "GER"]

1. d4 Nf6 2. Nf3 e6 3. e3 b6 4. Bd3 Bb7 5. Nbd2 d5 6. 0-0 Be7 7. b3 0-0 8. Bb2 Nbd7 9. Qe2 Ne4 10. c4 f5 11. cxd5 exd5 12. Ba6 Qc8 13. Bxb7 Qxb7 14. Rac1 c6 15. Rc2 Rf6 16. Ne5 Nxd2 17. Qxd2 Nxe5 18. dxe5 Re6 19. Rfc1 Rd8 20. f4 c5 21. Qd3 g6 22. Rf1 b5 23. g4 c4 24. Qd1 Bc5 25. Bd4 Qb6 26. Rg2 Bxd4 27. exd4 Rf8 28. Kh1 a5 29. bxc4 bxc4 30. gxf5 Rxf5 31. Qg4 Kf7 32. Qh3 Rh5 33. Qc3 Qb4 34. Qf3 1-0

[Event "NRW-chT 9293 U18"]
[Site "Germany"]
[Date "1993.??.??"]
[Round "?"]
[White "Matthaei, Alexander"]
[Black "Stoering, Volker"]
[Result "1-0"]
[WhiteElo "2290"]
[BlackElo "2270"]
[PlyCount "113"]
[EventDate "1992.??.??"]
[EventType "team"]
[EventRounds "11"]
[EventCountry "GER"]
[SourceTitle "EXT 2002"]
[Source "ChessBase"]
[SourceDate "2001.11.25"]
[SourceVersion "1"]
[SourceVersionDate "2001.11.25"]
[SourceQuality "1"]

1. Nf3 Nf6 2. g3 b6 3. Bg2 Bb7 4. 0-0 e6 5. c4 c5 6. b3 d6 7. Bb2 Be7 8. d3 0-0 9. e4 a6 10. Ne1 Nc6 11. f4 Nd7 12. Nc3 Bf6 13. g4 b5 14. e5 dxe5 15. f5 e4 16. Bxe4 Bd4+ 17. Kh1 Nf6 18. Bg2 b4 19. Na4 Bxb2 20. Nxb2 Qd4 21. Qd2 Nxg4 22. Rf4 Qe3 23. Qxe3 Nxe3 24. Na4 Nxg2 25. Nxg2 Nd4 26. Nxc5 Bxg2+ 27. Kxg2 Nxf5 28. d4 g6 29. Kf3 Rfd8 30. Rd1 Kg7 31. Rd3 Rd6 32. d5 exd5 33. Rxd5 Rxd5 34. cxd5 a5 35. Ke4 Rc8 36. Nb7 Rc3 37. d6 Re3+ 38. Kd5 Rd3+ 39. Kc6 Nd4+ 40. Rxd4 Rxd4 41. d7 Rxd7 42. Kxd7 f5 43. Ke6 f4 44. Nc5 Kh6 45. Nd3 g5 46. Kf5 Kh5 47. Nf2 Kh4 48. Ke4 Kh5 49. Kf3 Kg6 50. h4 h6 51. hxg5 hxg5 52. Kg4 Kf6 53. Nd3 Ke6 54. Kxg5 Kd5 55. Kxf4 Kd4 56. Ne5 Kc3 57. Nc6 1-0

[Event "Muenster-IM"]
[Site "Muenster"]
[Date "1993.??.??"]
[Round "2"]
[White "Stoering, Volker"]
[Black "Kruszynski, Wlodzimierz"]
[Result "1-0"]
[WhiteElo "2340"]
[BlackElo "2390"]
[PlyCount "89"]
[EventDate "1993.12.??"]
[EventType "swiss"]
[EventRounds "11"]
[EventCountry "GER"]
[EventCategory "4"]
[SourceTitle "EXT 1999"]
[Source "ChessBase"]
[SourceDate "1998.11.16"]
[SourceVersion "1"]
[SourceVersionDate "1998.11.16"]
[SourceQuality "1"]

1. d4 Nf6 2. c4 e6 3. Nf3 Bb4+ 4. Bd2 c5 5. Bxb4 cxb4 6. a3 bxa3 7. Rxa3 0-0 8. e3 d6 9. Be2 Nc6 10. 0-0 b6 11. Ne1 Bb7 12. Bf3 Qe7 13. Nd2 e5 14. Bxc6 Bxc6 15. d5 Bb7 16. e4 a5 17. Qb1 Nh5 18. g3 Bc8 19. b4 Bh3 20. Ng2 axb4 21. Qxb4 Rxa3 22. Qxa3 Qg5 23. Rd1 Qg4 24. f3 Qg6 25. Nh4 Qg5 26. Kf2 Qf6 27. Rb1 g5 28. Ng2 Rb8 29. Qa7 Qd8 30. Ne3 Bd7 31. Rb2 Nf6 32. g4 h5 33. h3 hxg4 34. hxg4 Kg7 35. Ndf1 Qh8 36. Rxb6 Ra8 37. Qb7 Qh4+ 38. Ke2 Ra2+ 39. Rb2 Ra1 40. Rb1 Ra2+ 41. Rb2 Ra1 42. Qb4 Ne8 43. Kd3 Ra4 44. Qxa4 Bxa4 45. Nf5+ 1-0

[Event "Muenster-IM"]
[Site "Muenster"]
[Date "1993.??.??"]
[Round "5"]
[White "Stoering, Volker"]
[Black "Molinaroli, Martin"]
[Result "1/2-1/2"]
[WhiteElo "2340"]
[BlackElo "2295"]
[PlyCount "85"]
[EventDate "1993.12.??"]
[EventType "swiss"]
[EventRounds "11"]
[EventCountry "GER"]
[EventCategory "4"]
[SourceTitle "EXT 1999"]
[Source "ChessBase"]
[SourceDate "1998.11.16"]
[SourceVersion "1"]
[SourceVersionDate "1998.11.16"]
[SourceQuality "1"]

1. d4 Nf6 2. c4 e5 3. dxe5 Ng4 4. Bf4 Nc6 5. Nf3 Bb4+ 6. Nbd2 Qe7 7. e3 Ngxe5 8. Nxe5 Nxe5 9. Be2 0-0 10. 0-0 d6 11. Nb3 Ng6 12. Bg3 Be6 13. a3 Bc5 14. Nxc5 dxc5 15. Qb3 Rab8 16. Qc3 f5 17. Rfe1 Qf7 18. b3 b6 19. Bf3 Rbd8 20. Rad1 a5 21. h4 Rfe8 22. Bc6 Rxd1 23. Rxd1 Rc8 24. h5 Nf8 25. Bb7 Qxh5 26. f3 Re8 27. Bc6 Rc8 28. Bb7 Re8 29. Bc6 Rc8 30. Qe5 Qf7 31. a4 h6 32. e4 Kh8 33. exf5 Bxf5 34. Kf2 Ng6 35. Qc3 Kh7 36. Rd2 Qe6 37. Bd5 Qe7 38. Bc6 Rd8 39. Rxd8 Qxd8 40. Bd5 Qd7 41. f4 Ne7 42. Bf3 Nc6 43. Bxc6 1/2-1/2

[Event "Muenster-IM"]
[Site "Muenster"]
[Date "1993.??.??"]
[Round "3"]
[White "Von Hartlieb, Justus"]
[Black "Stoering, Volker"]
[Result "0-1"]
[WhiteElo "2245"]
[BlackElo "2340"]
[PlyCount "82"]
[EventDate "1993.12.??"]
[EventType "swiss"]
[EventRounds "11"]
[EventCountry "GER"]
[EventCategory "4"]
[SourceTitle "EXT 1999"]
[Source "ChessBase"]
[SourceDate "1998.11.16"]
[SourceVersion "1"]
[SourceVersionDate "1998.11.16"]
[SourceQuality "1"]

1. e4 c5 2. Nf3 e6 3. Nc3 Nc6 4. Bb5 Nge7 5. 0-0 a6 6. Bxc6 Nxc6 7. d4 cxd4 8. Nxd4 b5 9. Nxc6 dxc6 10. Qg4 e5 11. Qg3 Qf6 12. a4 b4 13. Nd1 a5 14. b3 Ba6 15. Re1 Bc5 16. Bb2 Bd4 17. Bxd4 exd4 18. Nb2 c5 19. Nd3 Rc8 20. Rad1 0-0 21. f4 c4 22. Ne5 d3 23. cxd3 cxd3 24. Kh1 Rfd8 25. Ng4 Qc3 26. Nh6+ Kf8 27. Nf5 g6 28. Qg5 d2 29. Qh6+ Kg8 30. Re3 Qa1 31. h4 Qxd1+ 32. Kh2 gxf5 33. Rg3+ Qg4 34. Rxg4+ fxg4 35. Qg5+ Kf8 36. Qh6+ Ke8 37. Qf6 d1Q 38. Qe5+ Kd7 39. Qf5+ Kc7 40. Qxa5+ Kd6 41. Qe5+ Kc6 0-1

[Event "Gifhorn int"]
[Site "Gifhorn"]
[Date "1992.10.08"]
[Round "10"]
[White "Stoering, Volker"]
[Black "Polzin, Rainer"]
[Result "0-1"]
[WhiteElo "2280"]
[BlackElo "2325"]
[PlyCount "86"]
[EventDate "1992.09.29"]
[EventType "tourn"]
[EventRounds "11"]
[EventCountry "GER"]
[EventCategory "5"]
[SourceTitle "EXT 2001"]
[Source "ChessBase"]
[SourceDate "2000.11.22"]
[SourceVersion "1"]
[SourceVersionDate "2000.11.22"]
[SourceQuality "1"]

1. d4 Nf6 2. c4 g6 3. Nc3 Bg7 4. e4 d6 5. f3 0-0 6. Be3 b6 7. Bd3 a6 8. Nge2 c5 9. e5 Ne8 10. Be4 cxd4 11. Qxd4 Ra7 12. Qxb6 Qxb6 13. Bxb6 Rd7 14. exd6 Nxd6 15. b3 Nxe4 16. fxe4 Rd3 17. Rc1 Nd7 18. Ba7 Ne5 19. 0-0 Bb7 20. Rfd1 Rfd8 21. Bb6 Rxd1+ 22. Nxd1 Rd2 23. Nec3 e6 24. Be3 Rd3 25. Kf1 Ng4 26. Ke2 Rxe3+ 27. Nxe3 Nxe3 28. Kxe3 Bh6+ 29. Kd4 Bxc1 30. Kc5 Bd2 31. Kb6 Bxc3 32. Kxb7 f5 33. e5 g5 34. c5 f4 35. h3 h5 36. b4 g4 37. hxg4 hxg4 38. c6 Bxe5 39. Kxa6 f3 40. gxf3 gxf3 41. b5 f2 42. b6 f1Q+ 43. Kb7 Qb5 0-1

[Event "Gifhorn int"]
[Site "Gifhorn"]
[Date "1992.10.06"]
[Round "8"]
[White "Stoering, Volker"]
[Black "Slobodjan, Roman"]
[Result "1/2-1/2"]
[WhiteElo "2280"]
[BlackElo "2480"]
[PlyCount "177"]
[EventDate "1992.09.29"]
[EventType "tourn"]
[EventRounds "11"]
[EventCountry "GER"]
[EventCategory "5"]
[SourceTitle "EXT 2001"]
[Source "ChessBase"]
[SourceDate "2000.11.22"]
[SourceVersion "1"]
[SourceVersionDate "2000.11.22"]
[SourceQuality "1"]

1. d4 d5 2. c4 e6 3. Nc3 c6 4. e3 Nf6 5. Nf3 Nbd7 6. Qc2 Bd6 7. b3 0-0 8. Be2 Re8 9. 0-0 b6 10. Bb2 Bb7 11. Rad1 Qe7 12. e4 dxe4 13. Nxe4 Nxe4 14. Qxe4 Rad8 15. Ne5 Nf6 16. Qe3 c5 17. h3 Nd7 18. Bh5 cxd4 19. Bxd4 Nxe5 20. Bxe5 Bxe5 21. Qxe5 h6 22. Qe3 Qf6 23. c5 Qf5 24. Be2 Qxc5 25. Qxc5 bxc5 26. Bb5 Rf8 27. Rc1 Rd2 28. Rxc5 Rxa2 29. Rd1 Be4 30. Rd7 Ra5 31. b4 Ra1+ 32. Kh2 Rb1 33. Rxa7 Rxb4 34. Bc4 Rbb8 35. Rcc7 Rfd8 36. f3 Bd5 37. Ba6 Ra8 38. Rxa8 Rxa8 39. Rc8+ Rxc8 40. Bxc8 Kf8 41. Kg3 Ke7 42. Ba6 e5 43. Kf2 f5 44. Ke3 f4+ 45. Kf2 Be6 46. Bd3 Kf6 47. Be4 Kg5 48. Kg1 Bd7 49. Bb7 Kh4 50. Kh2 Bf5 51. Bc6 Kg5 52. Kg1 Kf6 53. Kf2 Ke7 54. Bd5 Kd6 55. Bb7 Be6 56. Be4 Bd5 57. Bf5 Ke7 58. Bc8 Kf6 59. Bd7 Kg5 60. Kg1 Kh4 61. Kh2 g5 62. Bf5 Bc6 63. Be6 Bb5 64. Bd5 Bd3 65. Bc6 Bg6 66. Bd5 h5 67. Bc6 g4 68. hxg4 hxg4 69. Bd5 Bh5 70. Be4 Kg5 71. Kg1 Kf6 72. Kh2 g3+ 73. Kg1 Ke6 74. Bc6 Bg6 75. Ba8 Kd6 76. Bb7 Bf5 77. Ba8 Kc5 78. Bb7 Kd4 79. Bc6 Be6 80. Be4 Bd5 81. Bf5 Ke3 82. Bg4 Ba8 83. Bh5 Bb7 84. Bg4 Bc6 85. Bh5 Bb5 86. Bg6 Bd3 87. Be8 Kd4 88. Bc6 Kc5 89. Bb7 1/2-1/2

[Event "Gifhorn int"]
[Site "Gifhorn"]
[Date "1992.10.01"]
[Round "3"]
[White "Leroy, Adrien"]
[Black "Stoering, Volker"]
[Result "1/2-1/2"]
[WhiteElo "2200"]
[BlackElo "2280"]
[PlyCount "81"]
[EventDate "1992.09.29"]
[EventType "tourn"]
[EventRounds "11"]
[EventCountry "GER"]
[EventCategory "5"]
[SourceTitle "EXT 2001"]
[Source "ChessBase"]
[SourceDate "2000.11.22"]
[SourceVersion "1"]
[SourceVersionDate "2000.11.22"]
[SourceQuality "1"]

1. Nf3 Nf6 2. c4 b6 3. g3 Bb7 4. Bg2 c5 5. 0-0 e6 6. d4 cxd4 7. Nxd4 Bxg2 8. Kxg2 a6 9. b3 Be7 10. Bb2 0-0 11. Nc3 d6 12. f3 Qc7 13. Qd2 Nbd7 14. e4 Qb7 15. Rfd1 Rad8 16. Qf2 Rfe8 17. Rd2 Ne5 18. Rad1 Rd7 19. Nc2 Red8 20. Ne3 h5 21. Qe2 h4 22. Kg1 Ng6 23. Qg2 b5 24. Qe2 b4 25. Na4 Nh5 26. Qf2 Qc7 27. Nc2 d5 28. Nb6 hxg3 29. hxg3 Bc5 30. Bd4 Bxd4 31. Qxd4 Qxg3+ 32. Rg2 Qxf3 33. Rf2 Qg3+ 34. Rg2 Qh3 35. Rh2 Qg4+ 36. Rg2 Ng3 37. Nxd7 Ne2+ 38. Kf2 Qxg2+ 39. Kxg2 Nxd4 40. Rxd4 Rxd7 41. cxd5 1/2-1/2

[Event "Muenster-B"]
[Site "Muenster"]
[Date "1992.??.??"]
[Round "8"]
[White "Bezold, Michael"]
[Black "Stoering, Volker"]
[Result "1/2-1/2"]
[WhiteElo "2345"]
[BlackElo "2270"]
[PlyCount "85"]
[EventDate "1992.??.??"]
[EventType "tourn"]
[EventRounds "11"]
[EventCountry "GER"]
[EventCategory "3"]
[SourceTitle "EXT 2002"]
[Source "ChessBase"]
[SourceDate "2001.11.25"]
[SourceVersion "1"]
[SourceVersionDate "2001.11.25"]
[SourceQuality "1"]

1. e4 c5 2. Nf3 e6 3. d3 Nc6 4. g3 Be7 5. Bg2 d5 6. Nbd2 Nf6 7. 0-0 0-0 8. e5 Nd7 9. Re1 f6 10. exf6 Nxf6 11. Nb3 h6 12. h3 Bd6 13. Be3 b6 14. d4 c4 15. Nbd2 Qc7 16. Nh4 Ne7 17. f4 Nf5 18. Ng6 Nxg3 19. Nxf8 Kxf8 20. Nf3 Bxf4 21. Bxf4 Qxf4 22. Qd2 Qxd2 23. Nxd2 Rb8 24. Nf3 Bd7 25. Ne5 Be8 26. Kh2 Nf5 27. c3 Rc8 28. Rad1 Nd6 29. Re3 Nf5 30. Ree1 Nd6 31. Rd2 Nde4 32. Bxe4 Nxe4 33. Rf1+ Kg8 34. Rg2 Bh5 35. Nd7 Re8 36. Rf4 Kh8 37. Rf8+ Rxf8 38. Nxf8 Bf7 39. Nd7 Be8 40. Ne5 Kg8 41. h4 a5 42. Kh3 a4 43. a3 1/2-1/2

[Event "Muenster-B"]
[Site "Muenster"]
[Date "1992.??.??"]
[Round "1"]
[White "Hausner, Ivan"]
[Black "Stoering, Volker"]
[Result "1-0"]
[WhiteElo "2410"]
[BlackElo "2270"]
[PlyCount "89"]
[EventDate "1992.??.??"]
[EventType "tourn"]
[EventRounds "11"]
[EventCountry "GER"]
[EventCategory "3"]
[SourceTitle "EXT 2002"]
[Source "ChessBase"]
[SourceDate "2001.11.25"]
[SourceVersion "1"]
[SourceVersionDate "2001.11.25"]
[SourceQuality "1"]

1. c4 e6 2. g3 Nf6 3. Bg2 d5 4. d4 Be7 5. Nf3 0-0 6. 0-0 Na6 7. Nc3 c5 8. cxd5 Nxd5 9. Nxd5 exd5 10. Be3 Be6 11. dxc5 Nxc5 12. Nd4 Qd7 13. Rc1 Rac8 14. Qd2 Rfd8 15. Rfd1 b6 16. Bg5 Bxg5 17. Qxg5 h6 18. Qe3 Re8 19. Qa3 Ne4 20. Rxc8 Rxc8 21. Nxe6 Qxe6 22. Qxa7 Nf6 23. e3 Rc2 24. b3 Qf5 25. Rf1 Ne4 26. Bxe4 dxe4 27. a4 Qe6 28. b4 Rb2 29. b5 Ra2 30. Rd1 g5 31. Qd7 Qxd7 32. Rxd7 Rxa4 33. Rd6 Rb4 34. Rxb6 Rb1+ 35. Kg2 Kg7 36. g4 f6 37. h3 Kh7 38. Rb8 Kg7 39. b6 Kh7 40. f3 Rb2+ 41. Kg3 h5 42. fxe4 h4+ 43. Kf3 Rb4 44. Ke2 Rxe4 45. Rf8 1-0

[Event "BL2-West 9192"]
[Site "Germany"]
[Date "1992.??.??"]
[Round "4.6"]
[White "Heinbuch, Detlef Ulrich"]
[Black "Stoering, Volker"]
[Result "1-0"]
[WhiteElo "2360"]
[BlackElo "2270"]
[PlyCount "99"]
[EventDate "1991.10.??"]
[EventType "team-tourn"]
[EventRounds "9"]
[EventCountry "GER"]
[SourceTitle "GER-chT2"]
[Source "ChessBase"]
[SourceDate "1999.07.01"]
[SourceVersion "1"]
[SourceVersionDate "1999.07.01"]
[SourceQuality "1"]
[WhiteTeam "Koeln Porz II"]
[BlackTeam "Muenster"]
[WhiteTeamCountry "GER"]
[BlackTeamCountry "GER"]

1. d4 Nf6 2. Nf3 b6 3. g3 Bb7 4. Bg2 e6 5. 0-0 Be7 6. b3 c5 7. dxc5 bxc5 8. c4 0-0 9. Bb2 Qb6 10. Nc3 Bc6 11. Qc2 Qb7 12. Rfe1 d6 13. Rad1 Rd8 14. e4 Nbd7 15. Nd5 Bf8 16. Nxf6+ Nxf6 17. Bxf6 gxf6 18. Nd2 Bg7 19. Bf1 a5 20. a4 Rab8 21. Bd3 Bh6 22. f4 Bg7 23. h3 Kf8 24. Kh2 Qb4 25. Rb1 Ke7 26. Nf1 Rh8 27. Ne3 Ba8 28. Bf1 Rhd8 29. Bg2 Rh8 30. Qd3 Qb6 31. Nc2 Bh6 32. Na3 Bc6 33. Nb5 Rhd8 34. Rbd1 Be8 35. Qf3 Bg7 36. Rd3 Ra8 37. Red1 Bxb5 38. cxb5 Rac8 39. Qh5 h6 40. f5 c4 41. bxc4 Rxc4 42. fxe6 fxe6 43. Qg6 Bf8 44. e5 fxe5 45. Qh7+ Ke8 46. Rf1 Qc7 47. Qg8 Kd7 48. Rxf8 Rxf8 49. Qxf8 d5 50. Rf3 1-0

[Event "Muenster-B"]
[Site "Muenster"]
[Date "1992.??.??"]
[Round "2"]
[White "Molinaroli, Martin"]
[Black "Stoering, Volker"]
[Result "1-0"]
[WhiteElo "2270"]
[BlackElo "2270"]
[PlyCount "71"]
[EventDate "1992.??.??"]
[EventType "tourn"]
[EventRounds "11"]
[EventCountry "GER"]
[EventCategory "3"]
[SourceTitle "EXT 2002"]
[Source "ChessBase"]
[SourceDate "2001.11.25"]
[SourceVersion "1"]
[SourceVersionDate "2001.11.25"]
[SourceQuality "1"]

1. Nf3 Nf6 2. d4 b6 3. Bf4 Ba6 4. Nbd2 e6 5. c4 Bb7 6. e3 c5 7. Be2 Be7 8. dxc5 bxc5 9. 0-0 0-0 10. Qc2 d6 11. h3 Nbd7 12. Rfd1 Qb6 13. Ne1 Rfd8 14. Nd3 Nf8 15. Bg3 Ne4 16. Nxe4 Bxe4 17. Rd2 Qb7 18. f3 Bc6 19. Rad1 e5 20. Nc1 Bg5 21. Bf2 Qe7 22. Bd3 Ng6 23. Be4 Rac8 24. Ne2 Bxe4 25. Qxe4 Qe6 26. Nc3 Ne7 27. Nb5 f5 28. Qc2 d5 29. cxd5 Rxd5 30. Qc4 a6 31. Rxd5 axb5 32. Rd8+ Kf7 33. Qxe6+ Kxe6 34. R1d6+ Kf7 35. Rxc8 Nxc8 36. Rc6 1-0

[Event "BL2-West 9192"]
[Site "Germany"]
[Date "1992.??.??"]
[Round "6.5"]
[White "Stoering, Volker"]
[Black "Rieke, Theo"]
[Result "1-0"]
[WhiteElo "2270"]
[BlackElo "2130"]
[PlyCount "65"]
[EventDate "1991.10.??"]
[EventType "team-tourn"]
[EventRounds "9"]
[EventCountry "GER"]
[SourceTitle "GER-chT2"]
[Source "ChessBase"]
[SourceDate "1999.07.01"]
[SourceVersion "1"]
[SourceVersionDate "1999.07.01"]
[SourceQuality "1"]
[WhiteTeam "Muenster"]
[BlackTeam "Muelheim"]
[WhiteTeamCountry "GER"]
[BlackTeamCountry "GER"]

1. d4 Nf6 2. c4 g6 3. Nc3 Bg7 4. e4 d6 5. f3 0-0 6. Be3 Nc6 7. Qd2 a6 8. Nge2 Rb8 9. a3 b5 10. cxb5 axb5 11. d5 Na5 12. Nd4 Bd7 13. b4 Nc4 14. Bxc4 bxc4 15. 0-0 e6 16. Rfe1 Nh5 17. Bf2 e5 18. Nc6 Bxc6 19. dxc6 Nf4 20. Be3 Ne6 21. Qd5 Nd4 22. Ra2 Qe8 23. Qxc4 Qxc6 24. Qxc6 Nxc6 25. Nd5 Rb7 26. Rc1 Nd4 27. Rxc7 Rxc7 28. Nxc7 Rc8 29. Nd5 Kf8 30. Kf2 Ke8 31. a4 Kd8 32. b5 Rb8 33. b6 1-0